000 00293nam a2200109Ia 4500
005 20251222141955.0
008 251222s9999||||xx |||||||||||||| ||spa||
082 _a658.15/I59/T.I
245 0 _aDirección y Gestión Financiera:
264 _bInstituto de Investigación El Pacífico
942 _cLIB
999 _c9805
_d9805